Case study method : (Record no. 13516)

MARC details
000 -LEADER
fixed length control field 02556cam a2200385 a 4500
001 - CONTROL NUMBER
control field 12241907
003 - CONTROL NUMBER IDENTIFIER
control field OSt
005 - DATE AND TIME OF LATEST TRANSACTION
control field 20211020084710.0
008 - FIXED-LENGTH DATA ELEMENTS--GENERAL INFORMATION
fixed length control field 001127s2000 enk 001 0 eng d
010 ## - LIBRARY OF CONGRESS CONTROL NUMBER
LC control number 00711344
015 ## - NATIONAL BIBLIOGRAPHY NUMBER
National bibliography number GBA0-Y5736
020 ## - INTERNATIONAL STANDARD BOOK NUMBER
International Standard Book Number 0761964134
020 ## - INTERNATIONAL STANDARD BOOK NUMBER
International Standard Book Number 0761964142 (pbk.)
035 ## - SYSTEM CONTROL NUMBER
System control number (OCoLC)ocm43718500
040 ## - CATALOGING SOURCE
Original cataloging agency UKM
Transcribing agency HU
Modifying agency DLC
042 ## - AUTHENTICATION CODE
Authentication code lccopycat
050 00 - LIBRARY OF CONGRESS CALL NUMBER
Classification number H61
Item number .C277 2000
082 00 - DEWEY DECIMAL CLASSIFICATION NUMBER
Classification number 300/.7/22
Edition number 21
245 00 - TITLE STATEMENT
Title Case study method :
Remainder of title key issues, key texts /
Statement of responsibility, etc. edited by Roger Gomm, Martyn Hammersley and Peter Foster.
260 ## - PUBLICATION, DISTRIBUTION, ETC.
Place of publication, distribution, etc. London ;
-- Thousand Oaks, Calif. :
Name of publisher, distributor, etc. SAGE,
Date of publication, distribution, etc. 2000.
300 ## - PHYSICAL DESCRIPTION
Extent ix, 276 p. ;
Dimensions 24 cm.
504 ## - BIBLIOGRAPHY, ETC. NOTE
Bibliography, etc. note Includes bibliographical references and index.
505 8# - FORMATTED CONTENTS NOTE
Formatted contents note Machine generated contents note: 'Intrinsic Case Study and Generalizability -- 1 The Case Study Method in Social Inquiry -- Robert E. Stake -- 2 The Only Generalization is: There is -- No Generalization -- Yvonna S. Lincoln and Egon G. Guba -- 3 Generalizability and the Single-Case Study -- Robert Donmoyer -- 4 Increasing the Generalizability of -- Qualitative Research -- Janet Ward Schofield -- 5 Case Study and Generalization -- Roger Gomm, Martyn Hammersley and Peter Foster -- Case Study and Theory -- 6 Case Study and Theory in Political Science -- Harry Eckstein -- 7 Case and Situation Analysis -- J. Clyde Mitchell -- 8 The Logical Structure of Analytic Induction -- W.S. Robinson -- 9 The Quest for Universals in Sociological Research -- Ralph H. Turner -- 10 Small N's and Big Conclusions: An -- Examination of the Reasoning in Comparative -- Studies Based on a Small Number of Cases -- Stanley Lieberson -- 11 Cases, Causes, Conjunctures, Stories and Imagery -- Howard S. Becker -- 12 Case Study and Theory -- Martyn Hammersley, Roger Gomm and Peter Foster -- An Annotated Bibliography -- Index.
650 #0 - SUBJECT ADDED ENTRY--TOPICAL TERM
Topical term or geographic name entry element Social sciences
General subdivision Methodology.
9 (RLIN) 3028
650 #0 - SUBJECT ADDED ENTRY--TOPICAL TERM
Topical term or geographic name entry element Social sciences
Form subdivision Case studies
General subdivision Methodology.
9 (RLIN) 14403
650 #0 - SUBJECT ADDED ENTRY--TOPICAL TERM
Topical term or geographic name entry element Case method.
9 (RLIN) 14404
700 1# - ADDED ENTRY--PERSONAL NAME
Personal name Gomm, Roger.
9 (RLIN) 14405
700 1# - ADDED ENTRY--PERSONAL NAME
Personal name Hammersley, Martyn.
9 (RLIN) 14406
700 1# - ADDED ENTRY--PERSONAL NAME
Personal name Foster, Peter,
Dates associated with a name 1951-
9 (RLIN) 14407
856 41 - ELECTRONIC LOCATION AND ACCESS
Materials specified Table of contents only
Uniform Resource Identifier <a href="http://www.loc.gov/catdir/toc/fy022/00711344.html">http://www.loc.gov/catdir/toc/fy022/00711344.html</a>
856 42 - ELECTRONIC LOCATION AND ACCESS
Materials specified Publisher description
Uniform Resource Identifier <a href="http://www.loc.gov/catdir/enhancements/fy0658/00711344-d.html">http://www.loc.gov/catdir/enhancements/fy0658/00711344-d.html</a>
906 ## - LOCAL DATA ELEMENT F, LDF (RLIN)
a 7
b cbc
c copycat
d 2
e ncip
f 20
g y-gencatlg
942 ## - ADDED ENTRY ELEMENTS (KOHA)
Source of classification or shelving scheme Dewey Decimal Classification
Koha item type Books like text book referance book
Suppress in OPAC No
Holdings
Withdrawn status Lost status Source of classification or shelving scheme Damaged status Not for loan Home library Current library Shelving location Date acquired Total Checkouts Full call number Barcode Date last seen Copy number Price effective from Koha item type
    Dewey Decimal Classification     Social Library Social Library General Stacks 10/20/2021   300.722/CAS SHLIB 00001274 10/20/2021 1 10/20/2021 Books like text book referance book